00654 a2200181 4500010001400000020002300014035001300037037001500050082001700065100002300082245013100105260003700236270002600273300003000299490005400329500005000383650003900433 aENG-89061 a8124603618c850.0014aEN-725941 bDBAD / PUB14a016.70494825 aChakraborty, Utpal1 aBibliography on Indian Buddhist art and archaeology :cby Utpal Chakrabortybgeneral and classified under geographical sites / aNew DelhibD.K. Printworldc2006 mdkprintworld@vsnl.net axxxvi, 500p.c23 cm ( Hb) aPerspectives in Indian art and archaeology; no. 6 aIncludes bibliographical references and index aArt, BuddhistzIndiaxBibliography